[Event "Nikaia op 17th"]
[Site "Nikaia"]
[Date "2009.08.23"]
[Round "3"]
[White "Katsiris, Ioannis"]
[Black "Trajkovic, Predrag"]
[Result "0-1"]
[WhiteElo "2103"]
[BlackElo "2481"]
[PlyCount "119"]
[EventDate "2009.08.22"]
[EventType "swiss"]
[EventRounds "9"]
[EventCountry "GRE"]
[SourceTitle "CBM 132 Extra"]
[Source "ChessBase"]
[SourceDate "2009.11.03"]
[SourceVersion "1"]
[SourceVersionDate "2009.11.03"]
[SourceQuality "1"]

1. d4 e6 2. c4 Nf6 3. Nc3 Bb4 4. Bg5 h6 5. Bh4 c5 6. d5 Bxc3+ 7. bxc3 d6 8. Nf3 Qe7 9. Nd2 e5 10. e4 Nbd7 11. Bd3 g5 12. Bg3 Nf8 13. h4 Ng6 14. hxg5 hxg5 15. Rxh8+ Nxh8 16. Nf1 Ng6 17. Ne3 Nf4 18. f3 Kf8 19. Bf2 Kg7 20. g3 Nh3 21. Bf1 Nxf2 22. Kxf2 Bd7 23. Qb3 b6 24. Bg2 Rh8 25. a4 g4 26. a5 Rb8 27. Rh1 Qd8 28. a6 Qe7 29. Qd1 gxf3 30. Qxf3 Rh8 31. g4 Rxh1 32. Bxh1 Nh7 33. Ke2 Qh4 34. Bg2 Qd8 35. Nf1 Qg5 36. Bh3 Kf8 37. Ng3 Ke7 38. Nh5 Bc8 39. Ng3 Qh4 40. Qf5 Bd7 41. g5 Qxg3 42. Qxd7+ Kf8 43. Qxd6+ Kg7 44. Qh6+ Kg8 45. d6 Nxg5 46. d7 Qf3+ 47. Ke1 Qe3+ 48. Kd1 Qd3+ 49. Kc1 Qxc3+ 50. Kb1 Qd3+ 51. Kb2 Qd2+ 52. Kb1 Qb4+ 53. Ka1 Qa3+ 54. Kb1 Qd3+ 55. Kb2 Nxe4 56. Qc1 Qd4+ 57. Ka3 Kf8 58. Bf5 Nd2 59. Qc2 Ke7 60. Qd1 0-1

[Event "Nis Mediana"]
[Site "Nis"]
[Date "2008.04.14"]
[Round "2"]
[White "Trajkovic, Predrag"]
[Black "Bogosavljevic, Boban"]
[Result "1/2-1/2"]
[WhiteElo "2458"]
[BlackElo "2492"]
[PlyCount "21"]
[EventDate "2008.04.13"]
[EventType "tourn"]
[EventRounds "11"]
[EventCountry "YUG"]
[EventCategory "7"]
[SourceTitle "CBM 123 Extra"]
[Source "ChessBase"]
[SourceDate "2008.05.06"]
[SourceVersion "1"]
[SourceVersionDate "2008.05.06"]
[SourceQuality "1"]

1. d4 d6 2. e4 Nf6 3. Nc3 Nbd7 4. Nf3 e5 5. Bc4 Be7 6. 0-0 0-0 7. Re1 c6 8. a4 a5 9. h3 exd4 10. Nxd4 Nc5 11. Bf4 1/2-1/2

[Event "Vitino Crimea"]
[Site "Vitino"]
[Date "2008.02.24"]
[Round "9"]
[White "Lutsko, Igor"]
[Black "Trajkovic, Predrag"]
[Result "1/2-1/2"]
[WhiteElo "2429"]
[BlackElo "2418"]
[PlyCount "53"]
[EventDate "2008.02.20"]
[EventType "tourn"]
[EventRounds "14"]
[EventCountry "UKR"]
[EventCategory "7"]
[SourceTitle "EXT 2011"]
[Source "ChessBase"]
[SourceDate "2010.11.26"]
[SourceVersion "1"]
[SourceVersionDate "2010.11.26"]
[SourceQuality "1"]

1. d4 d5 2. c4 e6 3. Nc3 Nf6 4. Nf3 c5 5. cxd5 Nxd5 6. e4 Nxc3 7. bxc3 cxd4 8. cxd4 Bb4+ 9. Bd2 Bxd2+ 10. Qxd2 0-0 11. Bc4 Nc6 12. 0-0 b6 13. Rad1 Bb7 14. Qf4 Na5 15. Bd3 Qf6 16. Qg3 Qg6 17. Qh4 Qh6 18. Qxh6 gxh6 19. Rc1 Rac8 20. Rfd1 Kg7 21. Kf1 f6 22. Ke2 Kf7 23. Ke3 Ke7 24. g3 Rfd8 25. h4 Nc6 26. a3 Na5 27. Nd2 1/2-1/2

[Event "Vitino Crimea"]
[Site "Vitino"]
[Date "2008.02.22"]
[Round "4"]
[White "Trajkovic, Predrag"]
[Black "Kononenko, Dmitry"]
[Result "1/2-1/2"]
[WhiteElo "2418"]
[BlackElo "2484"]
[PlyCount "62"]
[EventDate "2008.02.20"]
[EventType "tourn"]
[EventRounds "14"]
[EventCountry "UKR"]
[EventCategory "7"]
[SourceTitle "EXT 2011"]
[Source "ChessBase"]
[SourceDate "2010.11.26"]
[SourceVersion "1"]
[SourceVersionDate "2010.11.26"]
[SourceQuality "1"]

1. d4 Nf6 2. c4 e6 3. Nf3 Bb4+ 4. Bd2 Qe7 5. g3 Nc6 6. Bg2 Bxd2+ 7. Nbxd2 0-0 8. 0-0 d6 9. e4 e5 10. d5 Nb8 11. Ne1 a5 12. Nd3 Na6 13. a3 Bg4 14. f3 Bd7 15. b4 c6 16. dxc6 bxc6 17. Qc2 Rfb8 18. Qc3 Nc7 19. Nb3 axb4 20. axb4 Qd8 21. Rxa8 Rxa8 22. Ra1 Rxa1+ 23. Qxa1 Be6 24. Na5 Na6 25. c5 dxc5 26. Nxc5 Nxc5 27. bxc5 Nd7 28. Nxc6 Qf8 29. Qc3 f6 30. Kf2 Qxc5+ 31. Qxc5 Nxc5 1/2-1/2

[Event "Vitino Crimea"]
[Site "Vitino"]
[Date "2008.02.21"]
[Round "3"]
[White "Sevostianov, Pavel"]
[Black "Trajkovic, Predrag"]
[Result "0-1"]
[WhiteElo "2343"]
[BlackElo "2418"]
[PlyCount "98"]
[EventDate "2008.02.20"]
[EventType "tourn"]
[EventRounds "14"]
[EventCountry "UKR"]
[EventCategory "7"]
[SourceTitle "EXT 2011"]
[Source "ChessBase"]
[SourceDate "2010.11.26"]
[SourceVersion "1"]
[SourceVersionDate "2010.11.26"]
[SourceQuality "1"]

1. d4 Nf6 2. c4 e6 3. Nf3 Bb4+ 4. Nbd2 b6 5. g3 Ba6 6. Qb3 c5 7. Bg2 Nc6 8. dxc5 bxc5 9. 0-0 0-0 10. a3 Ba5 11. Qa4 Rb8 12. Nb3 Qb6 13. Nxa5 Nxa5 14. Nd2 d5 15. cxd5 Bxe2 16. Re1 Bb5 17. Qc2 exd5 18. Nf3 Rfe8 19. Bf4 Rbd8 20. Be5 Ne4 21. b4 Nc6 22. bxc5 Nxc5 23. Bd4 Nxd4 24. Nxd4 Bd3 25. Qc3 Be4 26. f3 Ne6 27. fxe4 Nxd4 28. Kh1 dxe4 29. Bxe4 Rc8 30. Qd3 g6 31. Rad1 Ne6 32. Bg2 Qa5 33. Rc1 Nc5 34. Rxe8+ Rxe8 35. Qf3 Re1+ 36. Rxe1 Qxe1+ 37. Bf1 Ne4 38. Kg2 Qd2+ 39. Kg1 Qd4+ 40. Kg2 h5 41. Be2 Nc3 42. Bd3 a5 43. Bf1 Kg7 44. Qd3 Qc5 45. Qc4 Qxa3 46. Qd4+ Kh7 47. Qd7 Qa2+ 48. Kg1 Qd5 49. Qc7 Ne4 0-1

[Event "Vitino Crimea"]
[Site "Vitino"]
[Date "2008.02.20"]
[Round "1"]
[White "Shkuro, Iuri"]
[Black "Trajkovic, Predrag"]
[Result "0-1"]
[WhiteElo "2439"]
[BlackElo "2418"]
[PlyCount "78"]
[EventDate "2008.02.20"]
[EventType "tourn"]
[EventRounds "14"]
[EventCountry "UKR"]
[EventCategory "7"]
[SourceTitle "EXT 2011"]
[Source "ChessBase"]
[SourceDate "2010.11.26"]
[SourceVersion "1"]
[SourceVersionDate "2010.11.26"]
[SourceQuality "1"]

1. e4 c5 2. f4 d5 3. exd5 Nf6 4. Bb5+ Nbd7 5. c4 a6 6. Ba4 b5 7. cxb5 Nxd5 8. Nf3 e6 9. Nc3 Bd6 10. d4 0-0 11. 0-0 Qb6 12. Nxd5 exd5 13. bxa6 Rxa6 14. Bc2 Nf6 15. b3 cxd4 16. Bd3 Ne4 17. Kh1 Re8 18. Bxe4 dxe4 19. Nxd4 Rd8 20. Be3 Bc5 21. Rc1 Rxa2 22. b4 Qxb4 23. Qe1 Qb6 24. Nf5 Qb2 25. Rf2 Qxc1 26. Qxc1 Bxe3 27. Nxe3 Rxf2 28. Kg1 Rfd2 29. h3 Bb7 30. Qc7 Ba8 31. f5 f6 32. h4 h6 33. Ng4 e3 34. Nxe3 Kh7 35. Qg3 Re2 36. h5 Bc6 37. Kh2 Rd3 38. Qc7 Rc3 39. Qf7 Rcxe3 0-1

[Event "Evpatoria"]
[Site "Evpatoria"]
[Date "2007.10.13"]
[Round "13"]
[White "Kononenko, Dmitry"]
[Black "Trajkovic, Predrag"]
[Result "1/2-1/2"]
[WhiteElo "2513"]
[BlackElo "2390"]
[PlyCount "106"]
[EventDate "2007.10.07"]
[EventType "tourn"]
[EventRounds "14"]
[EventCountry "UKR"]
[EventCategory "6"]
[SourceTitle "EXT 2009"]
[Source "ChessBase"]
[SourceDate "2008.11.26"]
[SourceVersion "1"]
[SourceVersionDate "2008.11.26"]
[SourceQuality "1"]

1. e4 c5 2. Nf3 e6 3. d4 cxd4 4. Nxd4 Nc6 5. Nb5 d6 6. c4 a6 7. N5c3 Nf6 8. Be3 Be7 9. Be2 0-0 10. 0-0 Bd7 11. Na3 Qb8 12. f3 Na7 13. Kh1 b5 14. Bxa7 Rxa7 15. cxb5 d5 16. exd5 Nxd5 17. Nxd5 exd5 18. Qxd5 Bxa3 19. bxa3 Bxb5 20. Bxb5 Qxb5 21. Rfd1 Qxd5 22. Rxd5 g6 23. Rad1 Rb7 24. h4 Rb2 25. R1d2 Rfb8 26. Rxb2 Rxb2 27. Rd6 a5 28. Rd5 a4 29. Rd4 Rxa2 30. Rxa4 h5 31. Kg1 Kg7 32. Ra6 Ra1+ 33. Kf2 Ra2+ 34. Kf1 Ra1+ 35. Kf2 Ra2+ 36. Kg3 Kf8 37. a4 Kg7 38. Kh3 Ra3 39. a5 Kf8 40. Ra8+ Kg7 41. a6 Ra2 42. g4 hxg4+ 43. Kxg4 Ra4+ 44. f4 Ra3 45. h5 gxh5+ 46. Kxh5 Kf6 47. Kg4 Kg6 48. a7 Kg7 49. Kf5 Ra5+ 50. Ke4 Ra4+ 51. Kd5 Ra5+ 52. Kc6 Ra1 53. f5 Kf6 1/2-1/2

[Event "Plovdiv Tringov Memorial"]
[Site "Plovdiv"]
[Date "2006.02.07"]
[Round "1"]
[White "Trajkovic, Predrag"]
[Black "Videnova, Iva"]
[Result "0-1"]
[WhiteElo "2411"]
[BlackElo "2058"]
[PlyCount "65"]
[EventDate "2006.02.07"]
[EventType "swiss"]
[EventRounds "9"]
[EventCountry "BUL"]
[SourceTitle "EXT 2007"]
[Source "ChessBase"]
[SourceDate "2006.11.23"]
[SourceVersion "1"]
[SourceVersionDate "2006.11.23"]
[SourceQuality "1"]

1. d4 c5 2. d5 g6 3. c4 Bg7 4. Nf3 d6 5. e4 Nf6 6. Nc3 0-0 7. Be2 e5 8. dxe6 Bxe6 9. Bf4 Ne8 10. Qd2 Nc6 11. b3 a6 12. Bh6 Qa5 13. Bxg7 Kxg7 14. 0-0 Rd8 15. a3 Ne5 16. h3 Nxf3+ 17. Bxf3 b5 18. b4 cxb4 19. axb4 Qxb4 20. cxb5 Rc8 21. Rfc1 axb5 22. Rab1 Qa5 23. Rxb5 Qa3 24. Rbb1 Nf6 25. Nb5 Qa2 26. Qd4 d5 27. e5 Nd7 28. Nc7 Rxc7 29. Rxc7 Qxb1+ 30. Kh2 Bf5 31. Rxd7 Bxd7 32. e6+ Kg8 33. exd7 0-1

[Event "Zuerich op-A 28th"]
[Site "Zuerich"]
[Date "2004.12.??"]
[Round "2"]
[White "Duerig, Willi"]
[Black "Trajkovic, Predrag"]
[Result "1/2-1/2"]
[WhiteElo "2173"]
[BlackElo "2432"]
[PlyCount "30"]
[EventDate "2004.12.26"]
[EventType "swiss"]
[EventRounds "9"]
[EventCountry "SUI"]
[SourceTitle "EXT 2006"]
[Source "ChessBase"]
[SourceDate "2005.11.24"]
[SourceVersion "1"]
[SourceVersionDate "2005.11.24"]
[SourceQuality "1"]

1. d4 Nf6 2. Bg5 d5 3. Bxf6 exf6 4. e3 Bd6 5. g3 0-0 6. Bg2 c6 7. Ne2 Nd7 8. 0-0 f5 9. Nd2 Nf6 10. c4 dxc4 11. Nxc4 Bc7 12. Qc2 Be6 13. Ne5 Nd5 14. Nd3 Bd6 15. Nc3 Nb4 1/2-1/2

[Event "SCG-chT1 Central"]
[Site "Vrnjacka Banja"]
[Date "2004.09.26"]
[Round "3.2"]
[White "Trajkovic, Predrag"]
[Black "Pikula, Dejan"]
[Result "0-1"]
[WhiteElo "2336"]
[BlackElo "2508"]
[PlyCount "86"]
[EventDate "2004.09.25"]
[EventType "team"]
[EventRounds "11"]
[EventCountry "YUG"]
[SourceTitle "CBM 102 Extra"]
[Source "ChessBase"]
[SourceDate "2004.11.03"]
[SourceVersion "1"]
[SourceVersionDate "2004.11.03"]
[SourceQuality "1"]
[WhiteTeam "10"]
[BlackTeam "05"]
[WhiteTeamCountry "YUG"]
[BlackTeamCountry "YUG"]

1. d4 Nf6 2. c4 e6 3. Nf3 b6 4. g3 Ba6 5. Qa4 Bb7 6. Bg2 c5 7. dxc5 Bxc5 8. 0-0 0-0 9. Nc3 Be7 10. Rd1 Na6 11. Bf4 Nc5 12. Qc2 a6 13. Ng5 Bxg2 14. Kxg2 Qc8 15. Kg1 Qc6 16. Nf3 d6 17. Rac1 Rac8 18. b3 Rfd8 19. Qb2 h6 20. h3 Qb7 21. a4 Bf8 22. Rc2 Be7 23. Rcc1 Rd7 24. b4 Nce4 25. Nxe4 Nxe4 26. Nd2 Nf6 27. Qb3 e5 28. Be3 Rdc7 29. Nf3 Bf8 30. Kh2 g6 31. Kg1 Kh7 32. Qa2 Re8 33. a5 bxa5 34. Qxa5 Qc8 35. c5 d5 36. Ra1 Rc6 37. h4 d4 38. Bc1 Qf5 39. Qa2 Ng4 40. Qd5 Ree6 41. Kf1 d3 42. exd3 Nf6 43. Qd8 Re8 0-1

[Event "Internet op"]
[Site "Internet"]
[Date "2004.01.31"]
[Round "?"]
[White "Belezky, Alexander"]
[Black "Trajkovic, Predrag"]
[Result "0-1"]
[WhiteElo "2405"]
[BlackElo "2318"]
[PlyCount "50"]
[EventDate "2004.01.??"]
[EventType "swiss"]
[EventRounds "15"]
[EventCountry "NET"]
[SourceTitle "EXT 2005"]
[Source "ChessBase"]
[SourceDate "2004.11.15"]
[SourceVersion "1"]
[SourceVersionDate "2004.11.15"]
[SourceQuality "1"]

1. Nf3 c5 2. b3 Nf6 3. e3 b6 4. Bb2 Bb7 5. c4 e6 6. Nc3 Be7 7. d4 cxd4 8. Nxd4 0-0 9. Be2 Bxg2 10. Rg1 Bb7 11. Bf3 Nc6 12. Nde2 Rc8 13. Nf4 a6 14. Ne4 d5 15. cxd5 Nb4 16. Rxg7+ Kxg7 17. Nxf6 Nc2+ 18. Ke2 Kh8 19. Nd7+ e5 20. Bxe5+ f6 21. Nxf8 Qxf8 22. Ne6 Qe8 23. Bd4 Nxa1 24. Qxa1 Qb5+ 25. Kd2 Bb4+ 0-1

[Event "Internet op"]
[Site "Internet"]
[Date "2004.01.31"]
[Round "?"]
[White "Drasko, Milan"]
[Black "Trajkovic, Predrag"]
[Result "1/2-1/2"]
[WhiteElo "2467"]
[BlackElo "2318"]
[PlyCount "48"]
[EventDate "2004.01.??"]
[EventType "swiss"]
[EventRounds "15"]
[EventCountry "NET"]
[SourceTitle "EXT 2005"]
[Source "ChessBase"]
[SourceDate "2004.11.15"]
[SourceVersion "1"]
[SourceVersionDate "2004.11.15"]
[SourceQuality "1"]

1. Nf3 d5 2. g3 c6 3. Bg2 Nf6 4. 0-0 Bg4 5. d3 Nbd7 6. Nbd2 e6 7. h3 Bh5 8. b3 Bd6 9. Bb2 0-0 10. Qe1 e5 11. e4 dxe4 12. dxe4 Re8 13. Nc4 Qc7 14. a4 Bxf3 15. Bxf3 b5 16. axb5 cxb5 17. Nxd6 Qxd6 18. Qa5 Qc6 19. Rac1 Nxe4 20. Bxe4 Qxe4 21. Qxb5 Qf5 22. Rfe1 Qxh3 23. Rcd1 Rad8 24. Bxe5 Qf5 1/2-1/2

[Event "Internet op"]
[Site "Internet"]
[Date "2004.01.31"]
[Round "?"]
[White "Trajkovic, Predrag"]
[Black "Zatonskih, Anna"]
[Result "1-0"]
[WhiteElo "2318"]
[BlackElo "2436"]
[PlyCount "103"]
[EventDate "2004.01.??"]
[EventType "swiss"]
[EventRounds "15"]
[EventCountry "NET"]
[SourceTitle "EXT 2005"]
[Source "ChessBase"]
[SourceDate "2004.11.15"]
[SourceVersion "1"]
[SourceVersionDate "2004.11.15"]
[SourceQuality "1"]

1. c4 e5 2. Nc3 d6 3. g3 f5 4. Bg2 Nf6 5. e3 g6 6. Nge2 Bg7 7. 0-0 0-0 8. d3 c6 9. Rb1 a5 10. a3 Be6 11. b4 axb4 12. axb4 d5 13. cxd5 cxd5 14. Na4 Bf7 15. Bd2 Nbd7 16. b5 Re8 17. Rc1 g5 18. d4 e4 19. Nc5 Nb6 20. Nxb7 Qd7 21. Nc5 Qxb5 22. Rb1 Qc6 23. f3 exf3 24. Rxf3 Bg6 25. Rf2 Nc4 26. Rc1 Nxe3 27. Bxe3 Rxe3 28. Qd2 Qe8 29. Nc3 Rd8 30. Rcf1 Re7 31. Qxg5 Ne4 32. N5xe4 dxe4 33. Ne2 Rxd4 34. Nxd4 Bxd4 35. Kh1 Bxf2 36. Rxf2 e3 37. Re2 Re6 38. Bd5 Kg7 39. Bxe6 Qxe6 40. Rxe3 Qd5+ 41. Kg1 Qd1+ 42. Kg2 Qd5+ 43. Kh3 Qc4 44. Re7+ Kg8 45. Rd7 Qf1+ 46. Kh4 Qc4+ 47. Qf4 Qxf4+ 48. gxf4 Kf8 49. Kg5 Ke8 50. Ra7 Kf8 51. h4 Ke8 52. h5 1-0

[Event "Bucharest Kings Cup"]
[Site "Bucharest"]
[Date "2003.05.27"]
[Round "10"]
[White "Svetushkin, Dmitry"]
[Black "Trajkovic, Predrag"]
[Result "1/2-1/2"]
[WhiteElo "2543"]
[BlackElo "2299"]
[PlyCount "29"]
[EventDate "2003.05.18"]
[EventType "tourn"]
[EventRounds "11"]
[EventCountry "ROU"]
[EventCategory "8"]
[SourceTitle "CBM 094 Extra"]
[Source "ChessBase"]
[SourceDate "2003.07.09"]
[SourceVersion "2"]
[SourceVersionDate "2003.07.09"]
[SourceQuality "1"]

1. e4 c5 2. Nf3 e6 3. d3 Nc6 4. c3 d5 5. Qe2 Nf6 6. e5 Nd7 7. g3 Be7 8. Bg2 0-0 9. 0-0 Qc7 10. Re1 b5 11. h4 a5 12. a4 bxa4 13. Nbd2 a3 14. bxa3 a4 15. h5 1/2-1/2

[Event "Bucharest Kings Cup"]
[Site "Bucharest"]
[Date "2003.05.26"]
[Round "9"]
[White "Trajkovic, Predrag"]
[Black "Badea, Bela"]
[Result "0-1"]
[WhiteElo "2299"]
[BlackElo "2501"]
[PlyCount "154"]
[EventDate "2003.05.18"]
[EventType "tourn"]
[EventRounds "11"]
[EventCountry "ROU"]
[EventCategory "8"]
[SourceTitle "CBM 094 Extra"]
[Source "ChessBase"]
[SourceDate "2003.07.09"]
[SourceVersion "2"]
[SourceVersionDate "2003.07.09"]
[SourceQuality "1"]

1. d4 g6 2. Nf3 Bg7 3. e4 d6 4. Bd3 e5 5. c3 Nd7 6. 0-0 Nh6 7. dxe5 dxe5 8. Bc4 f6 9. a4 Nb6 10. Qxd8+ Kxd8 11. Rd1+ Ke7 12. Bb3 Be6 13. Bxe6 Kxe6 14. Kf1 Nf7 15. Na3 c6 16. a5 Nc8 17. Nc4 Ncd6 18. Nfd2 Rhd8 19. Ke2 f5 20. Nxd6 Nxd6 21. exf5+ gxf5 22. Nb3 b6 23. axb6 axb6 24. Bg5 Rg8 25. Rxa8 Rxa8 26. Ra1 Rxa1 27. Nxa1 Kd5 28. Nb3 Nc4 29. Bc1 b5 30. Na1 Nb6 31. f3 h5 32. Bd2 c5 33. Nc2 c4 34. Ne3+ Ke6 35. g3 Na4 36. Nd1 Bf6 37. h3 h4 38. g4 f4 39. Be1 Kd5 40. Nf2 Nc5 41. Nd1 Be7 42. Nf2 Bd8 43. Bd2 Bf6 44. Bc1 Bg5 45. Bd2 e4 46. fxe4+ Nxe4 47. Be1 Nc5 48. Kf3 Nd7 49. Bd2 Ne5+ 50. Ke2 Bh6 51. Kf1 Nf7 52. Ke2 Ke5 53. Be1 Ng5 54. Nd1 f3+ 55. Ke3 Bf8 56. Bxh4 Bc5+ 57. Kd2 Nxh3 58. Bg3+ Ke4 59. Bc7 Be7 60. Bg3 Bg5+ 61. Kc2 Be3 62. g5 Bxg5 63. b3 Be3 64. bxc4 bxc4 65. Nb2 Kd5 66. Kd1 Ng5 67. Bh4 Ne4 68. Na4 Kc6 69. Kc2 f2 70. Bxf2 Nxf2 71. Nb2 Kb5 72. Kb1 Nd3 73. Nxc4 Kxc4 74. Kc2 Nf2 75. Kb2 Bd2 76. Kc2 Bxc3 77. Kc1 Kb3 0-1

[Event "Bucharest Kings Cup"]
[Site "Bucharest"]
[Date "2003.05.20"]
[Round "3"]
[White "Pilgaard, Kim"]
[Black "Trajkovic, Predrag"]
[Result "0-1"]
[WhiteElo "2440"]
[BlackElo "2299"]
[PlyCount "122"]
[EventDate "2003.05.18"]
[EventType "tourn"]
[EventRounds "11"]
[EventCountry "ROU"]
[EventCategory "8"]
[SourceTitle "CBM 094 Extra"]
[Source "ChessBase"]
[SourceDate "2003.07.09"]
[SourceVersion "2"]
[SourceVersionDate "2003.07.09"]
[SourceQuality "1"]

1. e4 c5 2. Nf3 e6 3. d4 cxd4 4. Nxd4 Nc6 5. Nc3 Qc7 6. Be3 a6 7. Qd2 b5 8. 0-0-0 Nxd4 9. Qxd4 Bb7 10. Be2 Nf6 11. Bf3 Rc8 12. Rd2 d6 13. g4 Nd7 14. Rhd1 Ne5 15. Be2 Nc4 16. Bxc4 Qxc4 17. Qa7 Qc6 18. f3 Be7 19. Bf4 e5 20. Be3 Ra8 21. Rxd6 Bxd6 22. Rxd6 Rxa7 23. Rxc6 Bxc6 24. Bxa7 h5 25. g5 f6 26. gxf6 gxf6 27. Bf2 Kf7 28. Kd2 Rg8 29. Bg3 Ke6 30. Ke3 b4 31. Ne2 Bb5 32. Nc1 Rc8 33. Kd2 Rd8+ 34. Nd3 f5 35. exf5+ Kxf5 36. Ke3 Bxd3 37. cxd3 a5 38. Be1 Rc8 39. Kd2 Rg8 40. Bg3 Rh8 41. d4 exd4 42. Kd3 Rc8 43. h4 Rc1 44. Bf2 Ra1 45. Bxd4 Rxa2 46. Kc2 Ra1 47. Kb3 Kf4 48. Bf6 Kxf3 49. Bd8 Ke3 50. Kc4 Kd2 51. Kb3 Kd3 52. Bf6 Ke4 53. Kc4 Rf1 54. Bd8 Rf5 55. Kb3 Kd4 56. Ka4 Kc4 57. Bxa5 b3 58. Bd2 Rf8 59. Ka5 Ra8+ 60. Kb6 Kd3 61. Bc3 Ra2 0-1

[Event "Serbia-chT central"]
[Site "Golubac"]
[Date "2003.??.??"]
[Round "?"]
[White "Djakovac, Enes"]
[Black "Trajkovic, Predrag"]
[Result "0-1"]
[WhiteElo "2166"]
[BlackElo "2288"]
[PlyCount "66"]
[EventDate "2003.09.27"]
[EventType "team"]
[EventRounds "11"]
[EventCountry "YUG"]
[SourceTitle "CBM 096 Extra"]
[Source "ChessBase"]
[SourceDate "2003.10.22"]
[SourceVersion "2"]
[SourceVersionDate "2003.10.20"]
[SourceQuality "1"]

1. e4 c5 2. Nc3 e6 3. Bc4 Nc6 4. d3 a6 5. a4 Nf6 6. Bg5 Be7 7. Nf3 d6 8. 0-0 0-0 9. Re1 Qc7 10. Qd2 Rb8 11. d4 cxd4 12. Nxd4 b6 13. Nxc6 Qxc6 14. Bd3 Bb7 15. Qe2 Ra8 16. Qf3 h6 17. Bh4 Rfe8 18. Re3 Qc7 19. Qe2 b5 20. Rf1 bxa4 21. Nxa4 a5 22. Rg3 Nxe4 23. Bxe4 Bxh4 24. Rc3 Qe7 25. Rd1 Bxe4 26. Qxe4 d5 27. Qe2 Bf6 28. Rb3 Qc7 29. Rdd3 Rec8 30. Nb6 Qxc2 31. Qf1 Rab8 32. Rg3 Rxb6 33. Rxb6 Bd4 0-1

[Event "Serbia-chT central"]
[Site "Golubac"]
[Date "2003.??.??"]
[Round "?"]
[White "Trajkovic, Predrag"]
[Black "Djukic, Zeljko"]
[Result "1/2-1/2"]
[WhiteElo "2288"]
[BlackElo "2428"]
[PlyCount "30"]
[EventDate "2003.09.27"]
[EventType "team"]
[EventRounds "11"]
[EventCountry "YUG"]
[SourceTitle "CBM 096 Extra"]
[Source "ChessBase"]
[SourceDate "2003.10.22"]
[SourceVersion "2"]
[SourceVersionDate "2003.10.20"]
[SourceQuality "1"]

1. d4 d6 2. Nf3 Nd7 3. c4 e5 4. e4 Ngf6 5. Nc3 Be7 6. Be2 0-0 7. 0-0 exd4 8. Nxd4 Nc5 9. f3 a5 10. Re1 c6 11. Be3 Re8 12. Qd2 Bf8 13. Rad1 Qc7 14. Bf1 a4 15. Qc2 Qa5 1/2-1/2